| 000 | 00668nam a2200217 a 4500 | ||
|---|---|---|---|
| 001 | BRCA_3946 | ||
| 005 | 20190320204503.0 | ||
| 008 | 120110s1844----gw-a######---#000-0#ger-# | ||
| 041 | _ager | ||
| 044 | _agw | ||
| 050 | 4 |
_aF1213 _b.M83 1844 |
|
| 100 | 1 |
_aMuhlenpfordt, Eduard. _94770 |
|
| 245 | 1 | 0 |
_aVersuch einer getreven schilderung der Republik Mejico besonders in Beziehung auf Geographie, Etnographie und Statistik _cvon Eduard Muhlenpfordt. |
| 260 |
_aHannover _bC.F. Kius _c1844 |
||
| 300 |
_a2 v. _bil. _c23 cm. |
||
| 500 | _aC99 | ||
| 650 | 1 | 4 |
_aViajeros alemanes _97026 |
| 651 | 4 |
_aMéxico _vDescripción y viajes _910268 |
|
| 902 | _aGFM | ||
| 942 |
_2lcc _cB |
||
| 999 |
_c3673 _d3673 |
||